| 000 | 00760cam a2200193 i 4500 | ||
|---|---|---|---|
| 005 | 20260121112420.0 | ||
| 008 | 250721s2019 ua gr 000 0 ara d | ||
| 020 | _a9789777536035 | ||
| 082 | 1 | 4 |
_a341.55 _bس ي د |
| 100 | 1 |
_aالسيد، احمد عبد الحي _eمؤلف. |
|
| 245 | 1 | 2 |
_aالقانون الواجب التطبيق في اطار التحكيم الدولي / _cتأليف الدكتور احمد عبد الحي السيد. |
| 250 | _aالطبعة الاولى. | ||
| 264 | 3 | 1 |
_aالاسكندريه : _bدار الوفاء للطباعه و النشر، _c2019. |
| 300 | _a387 صفحة. | ||
| 650 | 1 | 7 | _aالقانون الدولي. |
| 650 | 1 | 7 | _aالتحكيم الدولي. |
| 942 |
_2ddc _cBK |
||
| 999 |
_c141221 _d141221 |
||